[Event "C.to Europeo U12"]
[Site "Batumi GEO"]
[Date "2014.10.22"]
[Round "4"]
[White "Sonis, Francesco"]
[Black "Manafov, Rafail"]
[WhiteElo "2213"]
[BlackElo "1567"]
[Result "1-0"]
[PlyCount "65"]
[EventDate "2014.10.19"]

1. Nf3 c5 2. c4 Nf6 3. g3 e6 4. Bg2 Be7 5. O-O O-O 6. b3 Nc6 7. Bb2 d5 8. e3 d4
9. exd4 cxd4 10. d3 e5 11. Re1 Qc7 12. Na3 g6 13. Nc2 Re8 14. a3 a5 15. Qd2 a4
16. b4 Nd7 17. Re2 Rb8 18. b5 Na5 19. Rae1 Nb3 20. Qd1 Bf6 21. Nfxd4 Nxd4 22.
Bxd4 Rd8 23. Be3 Nc5 24. Bxc5 Qxc5 25. Re3 h6 26. Nb4 Ra8 27. Bd5 Qd4 28. Qh5
Be6 29. Qf3 Bxd5 30. Nxd5 Rd6 31. R3e2 Rb8 32. Qe3 Qxe3 33. Rxe3 1-0

[Event "C.to Europeo U12"]
[Site "Batumi GEO"]
[Date "2014.10.23"]
[Round "5"]
[White "Alvarez Albiol, Victor"]
[Black "Sonis, Francesco"]
[WhiteElo "1828"]
[BlackElo "2213"]
[Result "0-1"]
[PlyCount "78"]
[EventDate "2014.10.19"]

1. e4 c5 2. Nf3 d6 3. d4 cxd4 4. Nxd4 Nf6 5. Nc3 a6 6. Be3 e5 7. Nf3 Be7 8. Bc4
O-O 9. O-O Be6 10. Bb3 Nc6 11. Bg5 Na5 12. Bxf6 Bxf6 13. Nd5 Bg5 14. Qd3 Bh6
15. Rad1 b5 16. a4 Rb8 17. axb5 Nxb3 18. Qxb3 Rxb5 19. Qa3 Bxd5 20. Rxd5 Rxd5
21. exd5 Qb6 22. Rd1 Rc8 23. c3 g6 24. h3 Bf4 25. Ra1 a5 26. Rd1 Rc5 27. Kh1
Rb5 28. Rb1 Qxf2 29. Qxd6 Qg3 30. Qd8+ Kg7 31. Qh4 Qxh4 32. Nxh4 e4 33. Re1 Bg3
34. Rxe4 Rxb2 35. Nf3 Rb1+ 36. Ng1 Bf2 37. d6 Bxg1 38. d7 Bb6+ 39. Kh2 Rd1 0-1

[Event "C.to Europeo U12"]
[Site "Batumi GEO"]
[Date "2014.10.23"]
[Round "5"]
[White "Di Benedetto, Edoardo"]
[Black "Aydincelebi, Kagan"]
[WhiteElo "2153"]
[BlackElo "1896"]
[Result "0-1"]
[PlyCount "78"]
[EventDate "2014.10.19"]

1. e4 c5 2. Nf3 g6 3. d4 cxd4 4. Qxd4 Nf6 5. Nc3 Nc6 6. Qa4 d6 7. e5 dxe5 8.
Nxe5 Bd7 9. Nxd7 Nxd7 10. Be3 Bg7 11. Be2 O-O 12. O-O Nb6 13. Qh4 Nd4 14. Bd3
e5 15. Qxd8 Rfxd8 16. Rad1 Rac8 17. Rd2 Re8 18. Nb5 Re6 19. c3 Nxb5 20. Bxb5 a6
21. Be2 h5 22. Rfd1 Kh7 23. f3 Rc7 24. Bf1 Rec6 25. Kf2 Na4 26. c4 e4 27. b3
Nc3 28. Rc1 exf3 29. gxf3 Be5 30. Bg2 Rf6 31. Kg1 b5 32. Rdc2 b4 33. Rf2 h4 34.
Re1 Re6 35. f4 Bd4 36. Rf3 Rce7 37. Kf2 Bxe3+ 38. Rfxe3 Rxe3 39. Rxe3 Nd1+ 0-1

[Event "C.to Europeo U12"]
[Site "Batumi GEO"]
[Date "2014.10.24"]
[Round "6"]
[White "Nordquelle, Daniel"]
[Black "Di Benedetto, Edoardo"]
[WhiteElo "1856"]
[BlackElo "2153"]
[Result "0-1"]
[PlyCount "98"]
[EventDate "2014.10.19"]

1. e4 e6 2. d4 d5 3. Nc3 Nf6 4. Bg5 Bb4 5. e5 h6 6. Bd2 Bxc3 7. bxc3 Ne4 8. Bd3
Nxd2 9. Qxd2 c5 10. f4 Nc6 11. Nf3 Qa5 12. g4 c4 13. Bf1 Ne7 14. Kf2 Bd7 15. h4
O-O-O 16. Bg2 a6 17. Ke2 Kc7 18. Kf2 Rb8 19. Rhb1 b5 20. Ke2 h5 21. g5 g6 22.
Bh3 Rb7 23. Nh2 Rhb8 24. a3 Nc8 25. Nf1 Ne7 26. Ne3 Kc8 27. Nd1 Nc6 28. Ke3 Qd8
29. Qe1 a5 30. Nb2 Qe8 31. Nd1 Qe7 32. Nb2 Kd8 33. Bf1 Ke8 34. Be2 Kf8 35. Bf3
Kg7 36. Be2 Qe8 37. Nd1 b4 38. Bf3 bxa3 39. Rxb7 Rxb7 40. Rxa3 Rb1 41. Qe2 a4
42. Ra2 Ne7 43. Qf2 Nf5+ 44. Kd2 Qa8 45. Bg2 Qa5 46. Ra3 Ne7 47. Ke2 Qb6 48.
Qe1 Rc1 49. Ra2 Qb1 0-1

[Event "C.to Europeo U12"]
[Site "Batumi GEO"]
[Date "2014.10.24"]
[Round "6"]
[White "Sonis, Francesco"]
[Black "Kopylov, Daniel"]
[WhiteElo "2213"]
[BlackElo "1851"]
[Result "1-0"]
[PlyCount "84"]
[EventDate "2014.10.19"]

1. Nf3 d5 2. c4 e6 3. g3 c6 4. Bg2 Nf6 5. O-O Be7 6. b3 O-O 7. Bb2 Nbd7 8. Nc3
b6 9. e4 dxe4 10. Nd4 Bb7 11. Nxe4 Qc7 12. Qe2 c5 13. Nb5 Qb8 14. Nbc3 Qc7 15.
f4 Rae8 16. Rad1 Nxe4 17. Nxe4 f5 18. Nc3 Bf6 19. Nb5 Qb8 20. Bxb7 Bxb2 21. Bc6
Qc8 22. Qg2 Re7 23. Nxa7 Qd8 24. Bf3 Ree8 25. Rfe1 Qf6 26. Nb5 Re7 27. Re2 Nb8
28. Rde1 Bd4+ 29. Kh1 Rfe8 30. Nd6 Rd8 31. Rxe6 Rxe6 32. Rxe6 Qxe6 33. Bd5 Rxd6
34. Bxe6+ Rxe6 35. Qd5 Kf7 36. Qb7+ Kg6 37. Qxb8 Kh5 38. Qd8 h6 39. Qd5 Re1+
40. Kg2 Re2+ 41. Kf1 Rf2+ 42. Ke1 Kg4 1-0

[Event "C.to Europeo U12 femminile"]
[Site "Batumi GEO"]
[Date "2014.10.19"]
[Round "1"]
[White "Santeramo, Claudia"]
[Black "Olde, Grete"]
[WhiteElo "1338"]
[BlackElo "1643"]
[Result "0-1"]
[PlyCount "65"]
[EventDate "2014.10.19"]

1. e4 e5 2. Nf3 Nc6 3. Bc4 Bc5 4. d3 Nf6 5. Bg5 h6 6. Bh4 g5 7. Bg3 d6 8. h3
Nh5 9. Bh2 Nf4 10. Bxf4 exf4 11. c3 Ne5 12. Nxe5 dxe5 13. Qh5 Qf6 14. Nd2 Be6
15. Bxe6 Qxe6 16. Nb3 Bb6 17. O-O O-O-O 18. Rfd1 Kb8 19. c4 a6 20. Rac1 f5 21.
exf5 Qxf5 22. c5 Ba7 23. Qf3 h5 24. g4 hxg4 25. hxg4 Qh7 26. c6 e4 27. dxe4
Qh2+ 28. Kf1 Qh1+ 29. Qxh1 Rxh1+ 30. Ke2 f3+ 31. Kxf3 Rhxd1 32. cxb7 Rxc1 33.
Nxc1 0-1

[Event "C.to Europeo U12 femminile"]
[Site "Batumi GEO"]
[Date "2014.10.20"]
[Round "2"]
[White "Yaganova, Lianna"]
[Black "Santeramo, Claudia"]
[WhiteElo "1531"]
[BlackElo "1338"]
[Result "1-0"]
[PlyCount "89"]
[EventDate "2014.10.19"]

1. e4 e5 2. Nf3 Nc6 3. Bc4 Nf6 4. d4 exd4 5. O-O d5 6. exd5 Nxd5 7. Bxd5 Qxd5
8. Nc3 Qd8 9. Re1+ Be6 10. Nb5 Bb4 11. Re2 O-O 12. Nbxd4 Bg4 13. Be3 Nxd4 14.
Qxd4 Qxd4 15. Bxd4 Bxf3 16. gxf3 a5 17. Rd1 Rad8 18. c3 Bc5 19. Red2 Bxd4 20.
Rxd4 Rxd4 21. Rxd4 Re8 22. Kg2 Kf8 23. f4 Ke7 24. Rd5 b6 25. c4 Rd8 26. Rxd8
Kxd8 27. Kf3 Kd7 28. Ke4 Ke6 29. Kd4 Kd6 30. b3 h6 31. f5 c6 32. a3 c5+ 33. Ke4
g6 34. h4 g5 35. hxg5 hxg5 36. f3 f6 37. f4 gxf4 38. Kxf4 Kc6 39. Kg4 Kd6 40.
Kh5 Kd7 41. Kg6 Ke7 42. Kg7 Ke8 43. Kxf6 Kf8 44. Ke6 Ke8 45. f6 1-0

[Event "C.to Europeo U12 femminile"]
[Site "Batumi GEO"]
[Date "2014.10.21"]
[Round "3"]
[White "Santeramo, Claudia"]
[Black "Abbasova, Sadagat"]
[WhiteElo "1338"]
[BlackElo "1423"]
[Result "1/2-1/2"]
[PlyCount "72"]
[EventDate "2014.10.19"]

1. e4 d5 2. exd5 Qxd5 3. Nc3 Qa5 4. Nf3 Nf6 5. Bc4 Nc6 6. h3 Bf5 7. O-O e6 8.
d3 O-O-O 9. Bf4 a6 10. a3 Qc5 11. b4 Qe7 12. b5 axb5 13. Bxb5 Qc5 14. Bxc6 Qxc6
15. Qe1 Bxh3 16. a4 Bb4 17. Nb5 Bxe1 18. Na7+ Kd7 19. Nxc6 bxc6 20. Rfxe1 Bf5
21. Ne5+ Ke8 22. Nxc6 Rc8 23. Nd4 Bg6 24. Nb5 Nd5 25. Bh2 Kd7 26. a5 Rb8 27. c4
Bxd3 28. cxd5 Rxb5 29. dxe6+ fxe6 30. Red1 Rd5 31. a6 Ra8 32. a7 Bc4 33. Rdb1
Bb5 34. Rc1 e5 35. f4 c6 36. fxe5 Ke6 1/2-1/2

[Event "C.to Europeo U12 femminile"]
[Site "Batumi GEO"]
[Date "2014.10.22"]
[Round "4"]
[White "Mikic, Ivana"]
[Black "Santeramo, Claudia"]
[WhiteElo "1472"]
[BlackElo "1338"]
[Result "1-0"]
[PlyCount "79"]
[EventDate "2014.10.19"]

1. e4 e5 2. Nf3 Nc6 3. Bb5 a6 4. Ba4 Nf6 5. O-O Be7 6. Re1 b5 7. Bb3 d6 8. c3
Na5 9. Bc2 c5 10. d4 Qc7 11. Nbd2 Bd7 12. Nf1 Nc4 13. b3 Nb6 14. Ng3 Rc8 15. d5
c4 16. b4 O-O 17. h3 h6 18. Nh4 Nfxd5 19. Nhf5 Bxf5 20. Nxf5 Nf6 21. Qf3 Kh7
22. Be3 Rce8 23. Qg3 Rg8 24. Qh4 Kh8 25. Bxb6 Qxb6 26. a4 Qb7 27. a5 Qd7 28.
Rad1 Nd5 29. Nxe7 Nxe7 30. Rd2 Ng6 31. Qg3 Re6 32. Qe3 Nf4 33. Kh1 Rg6 34. Rg1
Rg5 35. Kh2 Rh5 36. Bd1 Rh4 37. Be2 Nxe2 38. Qxe2 g5 39. Qf3 g4 40. Qf6+ 1-0

[Event "C.to Europeo U12 femminile"]
[Site "Batumi GEO"]
[Date "2014.10.24"]
[Round "6"]
[White "Kvendseth, Thyra"]
[Black "Santeramo, Claudia"]
[WhiteElo "1488"]
[BlackElo "1338"]
[Result "1-0"]
[PlyCount "57"]
[EventDate "2014.10.19"]

1. e4 e5 2. Nf3 Nc6 3. c3 Nf6 4. d4 exd4 5. e5 Nd5 6. cxd4 d6 7. Bc4 Be6 8. Qb3
dxe5 9. dxe5 b6 10. O-O Na5 11. Qa4+ Bd7 12. Qc2 Nxc4 13. Qxc4 c6 14. Nc3 Nxc3
15. Qxc3 Bc5 16. e6 Bxe6 17. Qxg7 Kd7 18. Rd1+ Bd6 19. Bf4 Kc8 20. Rxd6 Qg8 21.
Qxg8+ Rxg8 22. Rxc6+ Kd8 23. Rd1+ Ke8 24. Re1 Kd7 25. Rc7+ Kd8 26. Nd4 Rg4 27.
Nxe6+ fxe6 28. Rd1+ Ke8 29. g3 1-0

[Event "C.to Europeo U14"]
[Site "Batumi GEO"]
[Date "2014.10.19"]
[Round "1"]
[White "Asenov, Pavel"]
[Black "Moroni, Luca jr"]
[WhiteElo "1977"]
[BlackElo "2334"]
[Result "0-1"]
[PlyCount "68"]
[EventDate "2014.10.19"]

1. d4 d5 2. c4 e6 3. Nc3 c6 4. Nf3 Nf6 5. Bg5 Nbd7 6. e3 Qa5 7. cxd5 exd5 8.
Bd3 Ne4 9. O-O Nxg5 10. Nxg5 Nf6 11. h3 Bd6 12. a3 h6 13. Nf3 Qc7 14. b4 a6 15.
Rb1 Qe7 16. Qc2 O-O 17. Rfe1 Bd7 18. Nd2 Rae8 19. Na4 Bc8 20. Nc5 g6 21. f4 Kg7
22. Nf3 Ne4 23. Bxe4 dxe4 24. Nd2 g5 25. Nc4 gxf4 26. Nxd6 Qxd6 27. Nxe4 Qg6
28. exf4 Bf5 29. Rb3 Rxe4 30. Qf2 Rxe1+ 31. Qxe1 Qf6 32. Qe5 Qxe5 33. dxe5 Rd8
34. Re3 Rd3 0-1

[Event "C.to Europeo U14"]
[Site "Batumi GEO"]
[Date "2014.10.20"]
[Round "2"]
[White "Moroni, Luca jr"]
[Black "Baskakov, Egor"]
[WhiteElo "2334"]
[BlackElo "1998"]
[Result "1/2-1/2"]
[PlyCount "138"]
[EventDate "2014.10.19"]

1. Nf3 Nf6 2. g3 c5 3. c4 d5 4. cxd5 Nxd5 5. Nc3 Nc6 6. Bg2 Nc7 7. a3 e5 8. b4
cxb4 9. axb4 Bxb4 10. Nxe5 Nxe5 11. Qa4+ Nc6 12. Bxc6+ bxc6 13. Qxb4 Nd5 14.
Qd4 O-O 15. Ne4 Qb6 16. Qxb6 Nxb6 17. Ba3 Rd8 18. Bc5 Be6 19. O-O Bd5 20. Nc3
Rdb8 21. Rfb1 Nc8 22. Rxb8 Rxb8 23. Nxd5 cxd5 24. Ra5 h6 25. Be3 Ne7 26. Rxa7
Nf5 27. Bc5 Rb2 28. d4 Rxe2 29. Rd7 h5 30. Rxd5 g6 31. h3 Kg7 32. Rd8 Rc2 33.
g4 hxg4 34. hxg4 Nh4 35. Be7 Nf3+ 36. Kg2 Ne1+ 37. Kg3 Nd3 38. f3 Re2 39. Re8
Kh7 40. d5 g5 41. d6 f6 42. Bxf6 Rxe8 43. d7 Rf8 44. Be7 Ne5 45. Bxf8 Nxd7 46.
Bd6 Kg6 47. Kf2 Kf6 48. Ke3 Ke6 49. Bc7 Kf6 50. Kd4 Ke6 51. Ke3 Kf6 52. Bd8+
Kg6 53. Kd4 Nf8 54. Ke5 Nh7 55. Kd6 Kf7 56. Be7 Kg7 57. Ke5 Kf7 58. Bd8 Kg6 59.
Ke6 Nf8+ 60. Ke7 Nh7 61. Kd6 Kf7 62. Be7 Kg7 63. Ke6 Kg6 64. Bc5 Nf6 65. Bd4
Ng8 66. Be3 Nh6 67. Ke7 Nf7 68. f4 gxf4 69. Bxf4 Ng5 1/2-1/2

[Event "C.to Europeo U14"]
[Site "Batumi GEO"]
[Date "2014.10.20"]
[Round "2"]
[White "Mustafin, Andrey"]
[Black "Lodici, Lorenzo"]
[WhiteElo "1917"]
[BlackElo "2223"]
[Result "0-1"]
[PlyCount "96"]
[EventDate "2014.10.19"]

1. e4 c5 2. a3 Nc6 3. b4 e5 4. Bc4 cxb4 5. axb4 Bxb4 6. c3 Ba5 7. Qb3 Qe7 8.
Nf3 Nf6 9. O-O O-O 10. d4 Bb6 11. Bd5 exd4 12. Ba3 d6 13. Bxc6 bxc6 14. e5 Ne4
15. cxd4 c5 16. Nc3 Be6 17. Qc2 Nxc3 18. Qxc3 Rac8 19. exd6 Qxd6 20. Rfc1 cxd4
21. Bxd6 dxc3 22. Bxf8 Kxf8 23. Ra3 c2 24. Ne1 Bf5 25. g4 Bg6 26. Kf1 Bd4 27.
Ra2 Be5 28. Kg2 Bf4 29. Rcxc2 Be4+ 30. f3 Bxc2 31. Nxc2 Rd8 32. Nb4 Rd2+ 33.
Rxd2 Bxd2 34. Nd3 a5 35. Nb2 Ke7 36. Kf2 Ke6 37. Ke2 Bc3 38. Nc4 a4 39. Kd3 Bb4
40. Ne3 Bd6 41. h4 a3 42. Kc3 Bc5 43. Ng2 Ke5 44. h5 Bd4+ 45. Kb3 Bb2 46. Kc2
Kd4 47. g5 Ke5 48. Nh4 Kf4 0-1

[Event "C.to Europeo U14"]
[Site "Batumi GEO"]
[Date "2014.10.21"]
[Round "3"]
[White "Lodici, Lorenzo"]
[Black "Parvanyan, Ashot"]
[WhiteElo "2223"]
[BlackElo "1942"]
[Result "1-0"]
[PlyCount "61"]
[EventDate "2014.10.19"]

1. d4 d5 2. c4 c6 3. Nc3 Nf6 4. Nf3 dxc4 5. e4 b5 6. e5 Nd5 7. a4 e6 8. Ng5 Be7
9. h4 h6 10. Nge4 b4 11. Nb1 Ba6 12. Qg4 g6 13. h5 g5 14. Nbd2 Nf4 15. g3 c3
16. gxf4 cxd2+ 17. Bxd2 Qxd4 18. fxg5 Qxe5 19. O-O-O hxg5 20. Bxg5 Bxf1 21.
Bxe7 Kxe7 22. Qh4+ f6 23. Qg4 Rf8 24. Rhxf1 c5 25. h6 Rf7 26. Nd6 Rh7 27. f4
Qe3+ 28. Kb1 Nc6 29. Rfe1 Qb3 30. Nf5+ Kf7 31. Rd7+ 1-0

[Event "C.to Europeo U14"]
[Site "Batumi GEO"]
[Date "2014.10.21"]
[Round "3"]
[White "Naghdiyev, Niyazi Siyavush"]
[Black "Moroni, Luca jr"]
[WhiteElo "2050"]
[BlackElo "2334"]
[Result "0-1"]
[PlyCount "88"]
[EventDate "2014.10.19"]

1. d4 d5 2. c4 e6 3. Nc3 c6 4. e3 Nf6 5. Nf3 a6 6. Qc2 c5 7. cxd5 exd5 8. Be2
Nc6 9. dxc5 Bxc5 10. O-O Be6 11. b3 Rc8 12. Rd1 Qe7 13. Bb2 O-O 14. Rac1 Ba7
15. Qd2 Rfe8 16. h3 Rcd8 17. Bf1 Bf5 18. Nd4 Nxd4 19. exd4 Qd6 20. Re1 Ne4 21.
Nxe4 dxe4 22. Rcd1 Bg6 23. Qe3 f5 24. g3 Rf8 25. Bg2 Rde8 26. Rf1 f4 27. gxf4
Rxf4 28. Qg3 Bb8 29. Bc1 Rxf2 30. Qxd6 Rxf1+ 31. Bxf1 Bxd6 32. Bc4+ Bf7 33. Be3
b5 34. Bxf7+ Kxf7 35. Rc1 Ke6 36. Rc6 Rf8 37. Bd2 Rf6 38. Rxa6 Kd5 39. Ra5 Kxd4
40. Rxb5 e3 41. Be1 e2 42. Bf2+ Ke4 43. Rg5 Kf3 44. b4 Bh2+ 0-1

[Event "C.to Europeo U14"]
[Site "Batumi GEO"]
[Date "2014.10.22"]
[Round "4"]
[White "Lukiyanchuk, Vladislav"]
[Black "Lodici, Lorenzo"]
[WhiteElo "2027"]
[BlackElo "2223"]
[Result "0-1"]
[PlyCount "57"]
[EventDate "2014.10.19"]

1. e4 c5 2. c3 e5 3. Nf3 Nc6 4. Bc4 Nf6 5. Qc2 Be7 6. O-O d6 7. d3 O-O 8. a3 a6
9. b4 b5 10. Bd5 Nxd5 11. exd5 Nb8 12. bxc5 dxc5 13. c4 bxc4 14. dxc4 Bd6 15.
Bb2 Qc7 16. Re1 Re8 17. Qc3 Nd7 18. Nbd2 f5 19. Rad1 Re7 20. Nf1 e4 21. Nh4 Ne5
22. Ng3 Rf7 23. Nxe4 fxe4 24. Rxe4 Nd7 25. Rde1 Nf6 26. R4e2 Bg4 27. Re8+ Nxe8
28. Rxe8+ Rxe8 29. f4 0-1

[Event "C.to Europeo U14"]
[Site "Batumi GEO"]
[Date "2014.10.22"]
[Round "4"]
[White "Moroni, Luca jr"]
[Black "Ozen, Deniz"]
[WhiteElo "2334"]
[BlackElo "2029"]
[Result "1/2-1/2"]
[PlyCount "89"]
[EventDate "2014.10.19"]

1. c4 e6 2. g3 d5 3. Bg2 Nf6 4. Nf3 Be7 5. O-O O-O 6. b3 c6 7. Bb2 Nbd7 8. d4
b6 9. Ne5 Nxe5 10. dxe5 Nd7 11. cxd5 cxd5 12. Nc3 Ba6 13. Qd2 Rc8 14. Rfd1 Bb4
15. e4 Nxe5 16. a3 Bxc3 17. Bxc3 Qc7 18. Bxe5 Qxe5 19. exd5 exd5 20. Qxd5 Qxd5
21. Rxd5 Rfd8 22. Rad1 Rxd5 23. Bxd5 Kf8 24. Be4 Bb5 25. h4 Bc6 26. Bxc6 Rxc6
27. Rd3 Ke7 28. Kg2 Rd6 29. Rc3 Kd7 30. Rf3 Ke7 31. g4 Rc6 32. Kg3 Rd6 33. Re3+
Kd7 34. h5 Rd5 35. f4 Ra5 36. a4 Rd5 37. Kf3 Rd4 38. Rc3 Rd6 39. g5 Rd1 40. Kg4
Rg1+ 41. Kf5 Rh1 42. Rd3+ Ke7 43. Re3+ Kd7 44. Rd3+ Ke7 45. Ke4 1/2-1/2

[Event "C.to Europeo U14"]
[Site "Batumi GEO"]
[Date "2014.10.23"]
[Round "5"]
[White "Lodici, Lorenzo"]
[Black "Goldie, Thomas"]
[WhiteElo "2223"]
[BlackElo "2002"]
[Result "1-0"]
[PlyCount "55"]
[EventDate "2014.10.19"]

1. d4 Nf6 2. Nc3 d5 3. Bf4 g6 4. Qd2 Bg7 5. Bh6 O-O 6. O-O-O Nc6 7. f3 b6 8. h4
Bb7 9. h5 Bxh6 10. Qxh6 e5 11. dxe5 Nxe5 12. e4 Qe7 13. exd5 Rad8 14. Nh3 Bxd5
15. Nf4 Bc4 16. Re1 Bxf1 17. Rhxf1 Qd6 18. hxg6 Qd2+ 19. Kb1 Nxg6 20. g3 Rfe8
21. Rc1 Qe3 22. Rh1 Re7 23. Ne4 Nxe4 24. Qxh7+ Kf8 25. Nxg6+ fxg6 26. fxe4 Qxe4
27. Qh8+ Kf7 28. Qh7+ 1-0

[Event "C.to Europeo U14"]
[Site "Batumi GEO"]
[Date "2014.10.23"]
[Round "5"]
[White "Plazuelo Pascual, Juan"]
[Black "Moroni, Luca jr"]
[WhiteElo "2088"]
[BlackElo "2334"]
[Result "0-1"]
[PlyCount "126"]
[EventDate "2014.10.19"]

1. e4 e6 2. d4 d5 3. Nd2 c5 4. exd5 Qxd5 5. dxc5 Bxc5 6. Ngf3 Nf6 7. Bc4 Qd6 8.
Qe2 Qc7 9. O-O O-O 10. Ne4 Be7 11. Bg5 Nbd7 12. Rad1 Re8 13. Nxf6+ Bxf6 14.
Bxf6 Nxf6 15. Bb3 b6 16. Qe5 Qxe5 17. Nxe5 Bb7 18. Rd4 Red8 19. Rfd1 Rxd4 20.
Rxd4 Rc8 21. c3 Nd5 22. f3 Kf8 23. Kf2 Ke7 24. Nd3 a5 25. Nf4 Nf6 26. Rc4 Rxc4
27. Bxc4 e5 28. Ne2 Bd5 29. Bxd5 Nxd5 30. g3 f5 31. Nc1 Kd6 32. Ke2 h5 33. Nd3
g5 34. h3 b5 35. Nf2 h4 36. g4 Nf4+ 37. Ke3 fxg4 38. fxg4 Kd5 39. Kf3 a4 40. b3
a3 41. Ke3 e4 42. Nxe4 Nxh3 43. Nf6+ Ke6 44. Ne4 Ke5 45. c4 b4 46. c5 Kd5 47.
c6 Kxc6 48. Kd4 Kb5 49. Nd6+ Kc6 50. Ne4 Kd7 51. Nf6+ Ke7 52. Ne4 Ke6 53. Nc5+
Kf6 54. Ne4+ Ke6 55. Nc5+ Kf7 56. Ne4 Ng1 57. Nxg5+ Kg6 58. Ne4 h3 59. Ke3 h2
60. Nf2 Kg5 61. Nh1 Kxg4 62. Kf2 Kh3 63. Ng3 Ne2 0-1

[Event "C.to Europeo U14"]
[Site "Batumi GEO"]
[Date "2014.10.24"]
[Round "6"]
[White "Moroni, Luca jr"]
[Black "Perez Garcia, Alejandro"]
[WhiteElo "2334"]
[BlackElo "2165"]
[Result "0-1"]
[PlyCount "136"]
[EventDate "2014.10.19"]

1. c4 d6 2. g3 e5 3. Bg2 f5 4. Nc3 Nf6 5. d3 Be7 6. Nf3 O-O 7. O-O Qe8 8. b4
Qh5 9. a4 f4 10. Nd5 Nxd5 11. cxd5 Rf6 12. e3 Bg4 13. exf4 exf4 14. Qe2 Nd7 15.
h3 Bxh3 16. Bxh3 Qxh3 17. Bxf4 Rxf4 18. gxf4 Qg4+ 19. Kh1 Qh5+ 20. Kg2 Qg4+ 21.
Kh1 Qh5+ 22. Kg2 Qg4+ 23. Kh2 Qxf4+ 24. Kh1 Rf8 25. Nh2 Ne5 26. Qe4 Qxe4+ 27.
dxe4 Nd3 28. f3 Nxb4 29. a5 Nd3 30. Rab1 Nc5 31. Ng4 Bg5 32. Kg2 h5 33. Nf2 Be3
34. Nd1 Bd2 35. Ra1 g5 36. Ra2 Bb4 37. Ne3 Bc3 38. Rc1 Be5 39. Nf5 Kf7 40. Rb1
Kg6 41. Rf2 a6 42. Ne7+ Kh7 43. Nf5 Rf7 44. Rff1 Bc3 45. Rh1 Kg6 46. Rxh5 Rxf5
47. exf5+ Kxf5 48. Kf2 Kg6 49. Rbh1 Bxa5 50. Kg3 Nd3 51. Rh7 Ne5 52. R1h6+ Kf5
53. Re6 b5 54. Rh8 Be1+ 55. Kg2 Ng6 56. Rh6 Nf4+ 57. Kf1 Bc3 58. Re3 b4 59. Re8
Nxd5 60. Rb8 a5 61. Ke2 a4 62. Kd3 a3 63. Ra8 Kf4 64. Ke2 Bb2 65. Kf2 b3 66.
Ra5 a2 67. Rh1 c5 68. Rd1 Bd4+ 0-1

[Event "C.to Europeo U14"]
[Site "Batumi GEO"]
[Date "2014.10.24"]
[Round "6"]
[White "Ziroyan, David"]
[Black "Lodici, Lorenzo"]
[WhiteElo "1745"]
[BlackElo "2223"]
[Result "1/2-1/2"]
[PlyCount "62"]
[EventDate "2014.10.19"]

1. Nf3 d5 2. g3 Nc6 3. d4 Bg4 4. Bg2 e6 5. O-O Bd6 6. c4 Nf6 7. Bg5 dxc4 8. Qa4
O-O 9. Qxc4 h6 10. Bxf6 Qxf6 11. Nbd2 Rab8 12. Rfd1 Rfe8 13. a3 Qe7 14. e4 e5
15. d5 Nd8 16. h3 Bd7 17. Qb3 b5 18. Nf1 Nb7 19. g4 Nc5 20. Qe3 b4 21. N1d2
bxa3 22. Rxa3 Rxb2 23. Nc4 Rc2 24. Bf1 Na4 25. Nxd6 cxd6 26. Rda1 Nc5 27. Rxa7
Rb8 28. Ra8 Qd8 29. Rxb8 Qxb8 30. Qa3 Qb2 31. Qxb2 Rxb2 1/2-1/2

[Event "C.to Europeo U14"]
[Site "Batumi GEO"]
[Date "2014.10.26"]
[Round "7"]
[White "Lodici, Lorenzo"]
[Black "Ozen, Deniz"]
[WhiteElo "2223"]
[BlackElo "2029"]
[Result "1-0"]
[PlyCount "71"]
[EventDate "2014.10.19"]

1. f4 d5 2. Nf3 c5 3. g3 Nc6 4. Bg2 g6 5. O-O Bg7 6. d3 Nf6 7. c3 O-O 8. Na3
Rb8 9. Ne5 Nxe5 10. fxe5 Ne8 11. Bf4 Nc7 12. d4 cxd4 13. cxd4 Ne6 14. Be3 Qb6
15. Qb3 Qxb3 16. axb3 a6 17. Nc2 Nc7 18. Nb4 e6 19. Bg5 Nb5 20. Rfd1 h6 21. Be7
Re8 22. Bf6 Bf8 23. Nc2 Bd7 24. e4 dxe4 25. Bxe4 Rec8 26. Ne3 Bc6 27. Bxc6 Rxc6
28. d5 exd5 29. Nxd5 Rc2 30. Ne7+ Bxe7 31. Bxe7 Rxb2 32. Bf6 g5 33. h4 Rc8 34.
h5 Nc3 35. Rf1 Re2 36. Rf2 1-0

[Event "C.to Europeo U14"]
[Site "Batumi GEO"]
[Date "2014.10.26"]
[Round "7"]
[White "Moller, Sophus Mechlenburg"]
[Black "Moroni, Luca jr"]
[WhiteElo "2018"]
[BlackElo "2334"]
[Result "1/2-1/2"]
[PlyCount "90"]
[EventDate "2014.10.19"]

1. e4 e6 2. d4 d5 3. Nc3 Nf6 4. e5 Nfd7 5. f4 c5 6. Nf3 Nc6 7. Be3 Rb8 8. dxc5
Bxc5 9. Nd4 O-O 10. Qd2 Nxd4 11. Bxd4 Bxd4 12. Qxd4 f6 13. exf6 Qxf6 14. Qxf6
Nxf6 15. g3 Bd7 16. O-O-O b5 17. b4 Rfc8 18. Kb2 Rb7 19. Bd3 Rbc7 20. Ne2 Ng4
21. Rc1 a5 22. a3 Ra7 23. h3 Ne3 24. Nd4 Rca8 25. Ra1 Nc4+ 26. Bxc4 bxc4 27. c3
Kf7 28. Rhe1 Kf6 29. Nf3 Be8 30. Ng5 Bd7 31. Nxh7+ Kf5 32. Ng5 axb4 33. Re5+
Kf6 34. cxb4 Rc8 35. Kc3 Rca8 36. Kb2 c3+ 37. Kxc3 Rxa3+ 38. Rxa3 Rxa3+ 39. Kd4
Rxg3 40. Kc5 Ke7 41. Nxe6 Bxe6 42. f5 Rc3+ 43. Kd4 Rc4+ 44. Kd3 Kf6 45. Rxe6+
Kxf5 1/2-1/2

[Event "C.to Europeo U14"]
[Site "Batumi GEO"]
[Date "2014.10.27"]
[Round "8"]
[White "Hakobyan, Aram"]
[Black "Lodici, Lorenzo"]
[WhiteElo "2245"]
[BlackElo "2223"]
[Result "1-0"]
[PlyCount "79"]
[EventDate "2014.10.19"]

1. Nf3 f5 2. d3 Nc6 3. d4 e6 4. c4 Bb4+ 5. Nbd2 Nf6 6. e3 a5 7. Be2 O-O 8. O-O
Bxd2 9. Qxd2 d6 10. b3 e5 11. dxe5 dxe5 12. Qxd8 Rxd8 13. Bb2 e4 14. Nd4 Nb4
15. Rfd1 Nd3 16. Bxd3 exd3 17. Nb5 Ne8 18. Rd2 f4 19. e4 Ra6 20. Rad1 Re6 21.
f3 c6 22. Na7 Re7 23. Nxc8 Rxc8 24. Rxd3 b5 25. c5 b4 26. Rd7 Rxd7 27. Rxd7 a4
28. Be5 axb3 29. axb3 g5 30. h4 h6 31. Kh2 Ra8 32. Rb7 Ra5 33. Bd4 Ra2 34. hxg5
Rd2 35. gxh6 Rxd4 36. h7+ Kh8 37. Rb8 Kxh7 38. Rxe8 Rd3 39. Re6 Rxb3 40. Rxc6
1-0

[Event "C.to Europeo U14"]
[Site "Batumi GEO"]
[Date "2014.10.28"]
[Round "9"]
[White "Lodici, Lorenzo"]
[Black "Moroni, Luca jr"]
[WhiteElo "2223"]
[BlackElo "2334"]
[Result "1-0"]
[PlyCount "125"]
[EventDate "2014.10.19"]

1. d4 d5 2. c4 e6 3. Nc3 c6 4. Nf3 Nf6 5. g3 dxc4 6. Bg2 Be7 7. O-O Nbd7 8. e4
O-O 9. Bf4 Re8 10. a4 a5 11. Re1 b6 12. Qc2 Ba6 13. Rad1 Qc8 14. h3 Nf8 15. g4
Ng6 16. Bg3 Nd7 17. e5 Ra7 18. Nh2 b5 19. f4 b4 20. Ne4 c5 21. f5 Ngf8 22. d5
exd5 23. Rxd5 Nb6 24. Rdd1 Nfd7 25. Qc1 Bf8 26. Nd6 Bxd6 27. Rxd6 Nxa4 28. Bc6
Nxb2 29. Qxb2 Rd8 30. e6 fxe6 31. fxe6 Nf6 32. Qe5 Bb7 33. Bd7 Nxd7 34. exd7
Rxd7 35. Rxd7 Qxd7 36. Qb8+ Bc8 37. Nf3 Rb7 38. Qe5 b3 39. Qh5 g6 40. Qxc5 b2
41. Qxc4+ Kf8 42. Bd6+ Kg7 43. Qd4+ Kg8 44. Qd5+ Kg7 45. Nd2 Qf7 46. Qd4+ Kg8
47. Rf1 Qe8 48. Rf8+ Qxf8 49. Bxf8 Kxf8 50. Qd8+ Kg7 51. Qxc8 b1=Q+ 52. Nxb1
Rxb1+ 53. Kg2 Rb2+ 54. Kg3 Rb3+ 55. Kh4 Rf3 56. Qc7+ Rf7 57. Qxa5 h6 58. Qe5+
Kh7 59. Kg3 g5 60. h4 gxh4+ 61. Kxh4 Rg7 62. Qe4+ Kh8 63. Kh5 1-0

[Event "C.to Europeo U14 femminile"]
[Site "Batumi GEO"]
[Date "2014.10.20"]
[Round "2"]
[White "Shafigullina, Zarina"]
[Black "Di Benedetto, Desiree"]
[WhiteElo "1774"]
[BlackElo "1989"]
[Result "0-1"]
[PlyCount "53"]
[EventDate "2014.10.19"]

1. Nf3 d5 2. d4 Nf6 3. c4 e6 4. g3 dxc4 5. Bg2 c5 6. O-O Nc6 7. dxc5 Qa5 8. Na3
Qxc5 9. Be3 Qb4 10. Bd2 Qxb2 11. Nxc4 Qb5 12. Rc1 Be7 13. Bc3 O-O 14. Nce5 Nd5
15. Nxc6 bxc6 16. Nd4 Qa6 17. Qb3 Bd7 18. e4 Rab8 19. Qc2 Nxc3 20. Qxc3 Bb4 21.
Qc2 c5 22. Nb3 Bb5 23. Rfd1 c4 24. Nd4 Ba4 25. Qe2 Bxd1 26. Rxd1 Rfd8 27. e5
0-1